7 Perso - 1 Pts Commun - Harry Potter #42 - Statistiques

Statistiques générales
  • Ce quiz a été pris 96 fois
  • Le résultat moyen est 2 sur 7
Statistiques - réponses
Personnages % Correct
Albus Dumbledore
84%
Cornelius Fudge
60%
Dolores Ombrage
54%
Amelia Bones
17%
Membres du Magenmagot
11%
Elphias Doge
10%
Griselda Marchebank
7%
Aucun quiz correspondant
Distribution des résultats
% des personnes avec chaque résultat
Percentile par nombre de réponses
Votre historique - résultats
Vous n’avez pas pris ce quiz